[Event "Mittelfranken Landesliga Sued 2223"]
[Site "Mittelfranken"]
[Date "2023.03.05"]
[Round "7.5"]
[White "Schoeneich, Matthias"]
[Black "Schleich, Markus"]
[Result "1-0"]
[WhiteElo "2123"]
[BlackElo "2172"]
[PlyCount "37"]
[EventDate "2022.10.09"]
[EventType "team-tourn"]
[EventRounds "9"]
[EventCountry "GER"]
[SourceTitle "EXT 2024"]
[Source "ChessBase"]
[SourceDate "2023.10.10"]
[SourceVersion "1"]
[SourceVersionDate "2023.10.10"]
[SourceQuality "1"]
[WhiteTeam "Bayern Muenchen III"]
[BlackTeam "Garching II"]
[WhiteTeamCountry "GER"]
[BlackTeamCountry "GER"]

1. e4 c5 2. Nf3 d6 3. Bb5+ Nd7 4. 0-0 Ngf6 5. Re1 a6 6. Bf1 g6 7. c3 Bg7 8. d4 e5 9. dxe5 dxe5 10. Bg5 0-0 11. a4 Qc7 12. Nbd2 b6 13. Nc4 Bb7 14. Qd6 Qxd6 15. Nxd6 Bc6 16. Bc4 h6 17. Bh4 Ne8 18. Red1 Bf6 19. Nxe8 1-0

[Event "BL2-Ost 1920"]
[Site "Germany"]
[Date "2020.02.09"]
[Round "8.8"]
[White "Schleich, Markus"]
[Black "Hiermann, Dietmar"]
[Result "1/2-1/2"]
[WhiteElo "2216"]
[BlackElo "2230"]
[PlyCount "51"]
[EventDate "2019.10.19"]
[EventType "team-tourn"]
[EventRounds "11"]
[EventCountry "GER"]
[SourceTitle "CBM 194 Extra"]
[Source "ChessBase"]
[SourceDate "2020.03.31"]
[SourceVersion "1"]
[SourceVersionDate "2020.03.31"]
[SourceQuality "1"]
[WhiteTeam "Garching"]
[BlackTeam "Passau"]
[WhiteTeamCountry "GER"]
[BlackTeamCountry "GER"]

1. e4 e5 2. Nf3 Nc6 3. Bc4 Bc5 4. 0-0 Nf6 5. d3 d6 6. c3 a6 7. a4 h6 8. Re1 0-0 9. h3 Ba7 10. Nbd2 Be6 11. Nf1 Bxc4 12. dxc4 Kh7 13. Qc2 Nh5 14. Be3 Qf6 15. Bxa7 Rxa7 16. Ne3 Ne7 17. Ng4 Qe6 18. c5 Raa8 19. Rad1 Rfd8 20. cxd6 cxd6 21. Rd2 Nf6 22. Nxf6+ Qxf6 23. Qb3 Rd7 24. Red1 Rad8 25. Qb4 Qe6 26. Qa5 1/2-1/2

[Event "Oberliga Bayern 1920"]
[Site "Bayern"]
[Date "2019.11.24"]
[Round "3.3"]
[White "Kilgus, Georg"]
[Black "Schleich, Markus"]
[Result "1-0"]
[WhiteElo "2436"]
[BlackElo "2181"]
[PlyCount "101"]
[EventDate "2019.10.20"]
[EventType "team-tourn"]
[EventRounds "9"]
[EventCountry "GER"]
[SourceTitle "EXT 2021"]
[Source "ChessBase"]
[SourceDate "2020.10.23"]
[SourceVersion "1"]
[SourceVersionDate "2020.10.23"]
[SourceQuality "1"]
[WhiteTeam "Regensburg Bavaria"]
[BlackTeam "Garching II"]
[WhiteTeamCountry "GER"]
[BlackTeamCountry "GER"]

1. e4 e5 2. Nf3 Nc6 3. Bc4 Nf6 4. d3 Bc5 5. 0-0 0-0 6. h3 d5 7. exd5 Nxd5 8. Re1 Nb6 9. Bb3 h6 10. Nc3 Re8 11. Be3 Bxe3 12. Rxe3 Bf5 13. Qe2 Nd7 14. Re1 Kf8 15. Bd5 Nd4 16. Nxd4 exd4 17. Rxe8+ Qxe8 18. Qxe8+ Rxe8 19. Rxe8+ Kxe8 20. Nb5 Nc5 21. Nxd4 Bc8 22. b4 Na4 23. Bb3 Bd7 24. Kf1 Ke7 25. Ke2 Nb6 26. Ke3 Nc8 27. c4 Kf6 28. Bd1 Ne7 29. Bf3 b6 30. Be4 Ke5 31. Ne2 f5 32. d4+ Kd6 33. c5+ Ke6 34. Nf4+ Kf7 35. Bd5+ Kf6 36. Bc4 Bc6 37. d5 g5 38. Nh5+ Kg6 39. dxc6 Kxh5 40. cxb6 axb6 41. Bf7+ Kh4 42. b5 Nc8 43. a4 Nd6 44. Be6 g4 45. hxg4 Kxg4 46. Kd4 Kf4 47. Bd5 h5 48. g3+ Kg4 49. Ke5 Kg5 50. Ke6 f4 51. Kd7 1-0

[Event "Oberliga Bayern 1920"]
[Site "Bayern"]
[Date "2019.10.20"]
[Round "1.4"]
[White "Schleich, Markus"]
[Black "Mostbauer, Maximilian"]
[Result "1/2-1/2"]
[WhiteElo "2181"]
[BlackElo "2136"]
[PlyCount "145"]
[EventDate "2019.10.20"]
[EventType "team-tourn"]
[EventRounds "9"]
[EventCountry "GER"]
[SourceTitle "EXT 2022"]
[Source "ChessBase"]
[SourceDate "2021.10.06"]
[SourceVersion "1"]
[SourceVersionDate "2021.10.06"]
[SourceQuality "1"]
[WhiteTeam "Garching II"]
[BlackTeam "Trostberg"]
[WhiteTeamCountry "GER"]
[BlackTeamCountry "GER"]

1. e4 e6 2. d4 d5 3. Nd2 Nf6 4. e5 Nfd7 5. Bd3 c5 6. c3 b5 7. Ne2 Qb6 8. 0-0 Nc6 9. Nf3 a5 10. Nf4 cxd4 11. cxd4 b4 12. Be3 b3 13. Ng5 Ba6 14. Bxa6 Rxa6 15. Qh5 g6 16. Qf3 Nxd4 17. Bxd4 Qxd4 18. Ne2 Qxb2 19. Qxf7+ Kd8 20. Nf4 Ba3 21. Ngxe6+ Kc8 22. axb3 Rc6 23. Rfb1 Qc3 24. Nxd5 Qxe5 25. Ndf4 Bb2 26. Rd1 Rd6 27. Rxd6 Qxd6 28. Rb1 Kb8 29. h4 Ne5 30. Qc7+ Qxc7 31. Nxc7 Kxc7 32. Rxb2 Rb8 33. Rc2+ Kd6 34. Rd2+ Kc6 35. Rc2+ Kd6 36. Rd2+ Kc6 37. Rc2+ Kd6 38. Rc3 Rb4 39. Nd3 Rxh4 40. Nxe5 Kxe5 41. Rc5+ Kf6 42. Rxa5 Rb4 43. Ra3 g5 44. Kf1 h5 45. g3 h4 46. gxh4 gxh4 47. Kg2 Kg5 48. Ra5+ Kf6 49. Ra3 Kg5 50. Kh3 Rb7 51. Ra5+ Kf6 52. Kxh4 Rxb3 53. Kg4 Rb6 54. f4 Rc6 55. Rh5 Kg6 56. f5+ Kg7 57. Kg5 Ra6 58. Rh2 Rb6 59. Ra2 Rc6 60. Ra7+ Kf8 61. Rb7 Ra6 62. Rb2 Kg7 63. Re2 Kf7 64. Rh2 Kg7 65. Rg2 Kf7 66. Kh5 Rf6 67. Rg5 Rb6 68. Rg4 Rf6 69. Kg5 Ra6 70. Rb4 Rc6 71. Rb7+ Kf8 72. f6 Rc1 73. Rb8+ 1/2-1/2

[Event "Oberliga Bayern 1819"]
[Site "Bayern"]
[Date "2018.12.16"]
[Round "4.4"]
[White "Schleich, Markus"]
[Black "Kostic, Vladimir G"]
[Result "1/2-1/2"]
[WhiteElo "2203"]
[BlackElo "2331"]
[PlyCount "49"]
[EventDate "2018.10.21"]
[EventType "team-tourn"]
[EventRounds "9"]
[EventCountry "GER"]
[SourceTitle "EXT 2020"]
[Source "ChessBase"]
[SourceDate "2019.10.17"]
[SourceVersion "1"]
[SourceVersionDate "2019.10.17"]
[SourceQuality "1"]
[WhiteTeam "Garching II"]
[BlackTeam "Muenchen Suedost"]
[WhiteTeamCountry "GER"]
[BlackTeamCountry "GER"]

1. e4 c5 2. Nf3 e6 3. d4 cxd4 4. Nxd4 Nf6 5. Nc3 Nc6 6. Ndb5 d6 7. Bf4 e5 8. Bg5 a6 9. Na3 b5 10. Nd5 Be7 11. Bxf6 Bxf6 12. c3 Ne7 13. Nxf6+ gxf6 14. Bd3 Bb7 15. Qe2 d5 16. Rd1 Qb6 17. exd5 Bxd5 18. Be4 Rd8 19. 0-0 Bxe4 20. Qxe4 0-0 21. Nc2 Qe6 22. Ne3 f5 23. Qh4 Rde8 24. Nd5 Nxd5 25. Rxd5 1/2-1/2

[Event "Landesliga Sued 1718"]
[Site "Bayern"]
[Date "2018.02.25"]
[Round "7.3"]
[White "Taggatz, Mario"]
[Black "Schleich, Markus"]
[Result "1/2-1/2"]
[WhiteElo "2201"]
[BlackElo "2159"]
[PlyCount "30"]
[EventDate "2017.10.22"]
[EventType "team-tourn"]
[EventRounds "9"]
[EventCountry "GER"]
[SourceTitle "EXT 2022"]
[Source "ChessBase"]
[SourceDate "2021.10.06"]
[SourceVersion "1"]
[SourceVersionDate "2021.10.06"]
[SourceQuality "1"]
[WhiteTeam "Groebenzell"]
[BlackTeam "Garching II"]
[WhiteTeamCountry "GER"]
[BlackTeamCountry "GER"]

1. d4 d5 2. Nf3 Nf6 3. c4 e6 4. Bg5 Be7 5. e3 h6 6. Bh4 Nbd7 7. Nbd2 c5 8. cxd5 Nxd5 9. Bxe7 Qxe7 10. Be2 0-0 11. 0-0 b6 12. Bb5 Bb7 13. Bxd7 Qxd7 14. dxc5 Qb5 15. Rc1 Qxb2 1/2-1/2

[Event "Landesliga Sued 1617"]
[Site "Bayern"]
[Date "2017.02.05"]
[Round "5.4"]
[White "Krstic, Petar"]
[Black "Schleich, Markus"]
[Result "1/2-1/2"]
[WhiteElo "2334"]
[BlackElo "2173"]
[PlyCount "50"]
[EventDate "2016.10.16"]
[EventType "team-tourn"]
[EventRounds "9"]
[EventCountry "GER"]
[SourceTitle "EXT 2019"]
[Source "ChessBase"]
[SourceDate "2018.10.10"]
[SourceVersion "1"]
[SourceVersionDate "2018.10.10"]
[SourceQuality "1"]
[WhiteTeam "Deggendorf"]
[BlackTeam "Garching II"]
[WhiteTeamCountry "GER"]
[BlackTeamCountry "GER"]

1. e4 g6 2. d4 Bg7 3. Nc3 d6 4. Be3 a6 5. Qd2 b5 6. f3 Bb7 7. a4 c6 8. axb5 axb5 9. Rxa8 Bxa8 10. Bd3 Qa5 11. Nge2 Nd7 12. 0-0 Ngf6 13. Nb1 Qc7 14. Bh6 0-0 15. Qg5 Bxh6 16. Qxh6 e5 17. c3 b4 18. Nd2 bxc3 19. bxc3 d5 20. f4 exd4 21. cxd4 dxe4 22. Nxe4 Nxe4 23. Bxe4 Nf6 24. Bf3 Qe7 25. Qh4 c5 1/2-1/2

[Event "Basel op"]
[Site "Basel"]
[Date "2017.01.06"]
[Round "6"]
[White "Metz, Hartmut"]
[Black "Schleich, Markus"]
[Result "0-1"]
[WhiteElo "2255"]
[BlackElo "2196"]
[PlyCount "116"]
[EventDate "2017.01.02"]
[EventType "swiss"]
[EventRounds "9"]
[EventCountry "SUI"]
[SourceTitle "CBM 176 Extra"]
[Source "ChessBase"]
[SourceDate "2017.03.02"]
[SourceVersion "1"]
[SourceVersionDate "2017.03.02"]
[SourceQuality "1"]

1. d4 g6 2. Nf3 Bg7 3. g3 Nf6 4. Bg2 0-0 5. 0-0 d6 6. c4 Nc6 7. Nc3 a6 8. h3 Rb8 9. a4 Bd7 10. a5 Qc8 11. Kh2 b6 12. axb6 cxb6 13. Bg5 h6 14. Bd2 Kh7 15. e3 Nb4 16. Qb3 a5 17. Rfc1 Nd3 18. Rf1 Nb4 19. e4 Be6 20. d5 Bd7 21. Be3 Be8 22. Nd4 Nd7 23. Ncb5 Nc5 24. Qd1 Bxb5 25. cxb5 Bxd4 26. Bxd4 Ncd3 27. Qe2 Qc4 28. Bc3 Rbc8 29. Ra3 Ne5 30. Qd1 Qxb5 31. f4 Nc4 32. Qd4 f6 33. Rb3 Qa4 34. Bxb4 Qxb3 35. Bc3 a4 36. Rf3 b5 37. Qa7 Rf7 38. Bxf6 Qd1 39. Qd7 Rcf8 40. Bxe7 Nd2 41. Rf2 Qe1 42. Rxd2 Qxd2 43. Qe6 Qxb2 44. Bxf8 Rxf8 45. Qxd6 Rf7 46. e5 a3 47. Qe6 Kg7 48. d6 Qd2 49. h4 a2 50. h5 gxh5 51. f5 a1Q 52. f6+ Kg6 53. Kh3 Qad4 54. Qe8 Qg4+ 55. Kh2 Qf2 56. Qg8+ Kf5 57. Qc8+ Kxe5 58. Qc5+ Qxc5 0-1

[Event "Prague Summer op 2nd"]
[Site "Prague"]
[Date "2015.08.12"]
[Round "7"]
[White "Schleich, Markus"]
[Black "Suran, Jan"]
[Result "0-1"]
[WhiteElo "2238"]
[BlackElo "2406"]
[PlyCount "60"]
[EventDate "2015.08.07"]
[EventType "swiss"]
[EventRounds "9"]
[EventCountry "CZE"]
[SourceTitle "CBM 167 Extra"]
[Source "ChessBase"]
[SourceDate "2015.09.14"]
[SourceVersion "1"]
[SourceVersionDate "2015.09.14"]
[SourceQuality "1"]

1. e4 c5 2. Nf3 e6 3. g3 d5 4. exd5 exd5 5. d4 Nf6 6. Bg2 cxd4 7. Nxd4 Be7 8. 0-0 0-0 9. h3 Nc6 10. Nc3 Be6 11. Be3 Qd7 12. g4 Bb4 13. Nce2 Rad8 14. c3 Bd6 15. Qc2 a6 16. Bg5 Be7 17. Bf4 Qc8 18. Rad1 Rfe8 19. Rfe1 h6 20. Qc1 Bf8 21. a3 Bd7 22. Nxc6 bxc6 23. c4 Qb7 24. cxd5 cxd5 25. Nd4 Ne4 26. f3 Nc5 27. b4 Rxe1+ 28. Rxe1 Nd3 29. Qd2 Nxe1 30. Qxe1 a5 0-1

[Event "Prague Summer op 2nd"]
[Site "Prague"]
[Date "2015.08.11"]
[Round "6"]
[White "Mondrzycki, Bartlomiej"]
[Black "Schleich, Markus"]
[Result "0-1"]
[WhiteElo "2107"]
[BlackElo "2238"]
[PlyCount "52"]
[EventDate "2015.08.07"]
[EventType "swiss"]
[EventRounds "9"]
[EventCountry "CZE"]
[SourceTitle "CBM 167 Extra"]
[Source "ChessBase"]
[SourceDate "2015.09.14"]
[SourceVersion "1"]
[SourceVersionDate "2015.09.14"]
[SourceQuality "1"]

1. b3 e5 2. Bb2 Nc6 3. e3 d5 4. Bb5 Bd6 5. f4 f6 6. Qh5+ g6 7. Bxc6+ bxc6 8. Qh4 exf4 9. exf4 Qe7+ 10. Ne2 Ba6 11. d3 0-0-0 12. Nbc3 Qe3 13. Qf2 Qxf2+ 14. Kxf2 Nh6 15. h3 Rde8 16. Na4 Rhf8 17. Bd4 Kb8 18. g4 Nf7 19. Nc5 Bc8 20. Rhe1 h5 21. Rg1 hxg4 22. hxg4 Nh6 23. f5 gxf5 24. g5 Ng4+ 25. Rxg4 fxg4 26. gxf6 Bxc5 0-1

[Event "Prague Summer op 2nd"]
[Site "Prague"]
[Date "2015.08.09"]
[Round "3"]
[White "Schleich, Markus"]
[Black "Jurcisin, Imrich"]
[Result "1-0"]
[WhiteElo "2238"]
[BlackElo "2011"]
[PlyCount "75"]
[EventDate "2015.08.07"]
[EventType "swiss"]
[EventRounds "9"]
[EventCountry "CZE"]
[SourceTitle "CBM 167 Extra"]
[Source "ChessBase"]
[SourceDate "2015.09.14"]
[SourceVersion "1"]
[SourceVersionDate "2015.09.14"]
[SourceQuality "1"]

1. e4 d5 2. exd5 Nf6 3. Nf3 Nxd5 4. d4 Bf5 5. Bd3 Bxd3 6. Qxd3 Nc6 7. 0-0 e6 8. c4 Nf6 9. Nc3 Be7 10. Bf4 0-0 11. Rad1 a6 12. Rfe1 Re8 13. a3 Bd6 14. Bg5 h6 15. Bh4 g5 16. Bg3 Bxg3 17. hxg3 Qd6 18. Qe3 Qf8 19. Ne5 Ne7 20. Qf3 Qg7 21. Qxb7 Rab8 22. Qxc7 Rxb2 23. Qa5 Ng6 24. Rb1 Nxe5 25. dxe5 Rxb1 26. Nxb1 Nd7 27. Qxa6 Rb8 28. Qa7 Qg6 29. Nc3 Rb3 30. Qd4 Rxa3 31. Ne4 Nf8 32. c5 Qg7 33. Nf6+ Kh8 34. c6 Ra8 35. c7 Ng6 36. Rb1 Qf8 37. Qd6 Rc8 38. Rb8 1-0

[Event "Regionalliga SW 1415"]
[Site "Bayern"]
[Date "2015.01.18"]
[Round "5.1"]
[White "Andersen, Jens Knud"]
[Black "Schleich, Markus"]
[Result "0-1"]
[WhiteElo "2113"]
[BlackElo "2206"]
[PlyCount "52"]
[EventDate "2014.10.19"]
[EventType "team-tourn"]
[EventRounds "9"]
[EventCountry "GER"]
[SourceTitle "EXT 2018"]
[Source "ChessBase"]
[SourceDate "2017.10.13"]
[SourceVersion "1"]
[SourceVersionDate "2017.10.13"]
[SourceQuality "1"]
[WhiteTeam "Mering"]
[BlackTeam "Garching II"]
[WhiteTeamCountry "GER"]
[BlackTeamCountry "GER"]

1. d4 g6 2. c4 Nf6 3. Nc3 Bg7 4. e4 d6 5. f3 0-0 6. Be3 Nc6 7. Qd2 a6 8. Nge2 Rb8 9. Rc1 e6 10. g3 Qd7 11. Bg2 b5 12. c5 dxc5 13. dxc5 Ne5 14. Bd4 Nc4 15. Qc2 Ng4 16. Bxg7 Nge3 17. Qb1 Qd2+ 18. Kf2 Kxg7 19. Nd1 Rd8 20. b3 Ne5 21. Nb2 N5g4+ 22. fxg4 Nxg4+ 23. Kf1 Qe3 24. Nd3 Rxd3 25. Qb2+ f6 26. Nc3 Rd2 0-1

[Event "BL2-Ost 1314"]
[Site "Germany"]
[Date "2013.10.12"]
[Round "1.6"]
[White "Wall, Gavin"]
[Black "Schleich, Markus"]
[Result "1/2-1/2"]
[WhiteElo "2333"]
[BlackElo "2277"]
[PlyCount "51"]
[EventDate "2013.10.12"]
[EventType "team-tourn"]
[EventRounds "10"]
[EventCountry "GER"]
[SourceTitle "EXT 2015"]
[Source "ChessBase"]
[SourceDate "2014.11.20"]
[SourceVersion "1"]
[SourceVersionDate "2014.11.20"]
[SourceQuality "1"]
[WhiteTeam "Bindlach Aktionaer"]
[BlackTeam "Garching"]
[WhiteTeamCountry "GER"]
[BlackTeamCountry "GER"]

1. e4 g6 2. d4 Bg7 3. Nc3 d6 4. h4 Nf6 5. Be2 c5 6. dxc5 Qa5 7. Kf1 Qxc5 8. h5 Nxh5 9. Bxh5 Bxc3 10. bxc3 gxh5 11. Qd4 f6 12. Qxc5 dxc5 13. Rxh5 b6 14. Ne2 Be6 15. f4 Nc6 16. Kf2 0-0-0 17. Be3 Bf7 18. Rh6 Rdg8 19. Ng3 Rg6 20. Rh3 Rhg8 21. Kf3 Be6 22. f5 Ne5+ 23. Kf2 Ng4+ 24. Kf3 Ne5+ 25. Kf2 Ng4+ 26. Kf3 1/2-1/2

[Event "BL2-Ost 1213"]
[Site "Germany"]
[Date "2013.01.13"]
[Round "5.7"]
[White "Delitzsch, Juergen"]
[Black "Schleich, Markus"]
[Result "1/2-1/2"]
[WhiteElo "2242"]
[BlackElo "2306"]
[PlyCount "51"]
[EventDate "2012.10.14"]
[EventType "team-tourn"]
[EventRounds "9"]
[EventCountry "GER"]
[SourceTitle "CBM 154 Extra"]
[Source "ChessBase"]
[SourceDate "2013.06.25"]
[SourceVersion "2"]
[SourceVersionDate "2013.06.25"]
[SourceQuality "1"]
[WhiteTeam "Bindlach"]
[BlackTeam "Garching"]
[WhiteTeamCountry "GER"]
[BlackTeamCountry "GER"]

1. d4 g6 2. c4 Nf6 3. Nf3 Bg7 4. g3 0-0 5. Bg2 d6 6. 0-0 Nc6 7. Nc3 a6 8. b3 Rb8 9. Bb2 b5 10. cxb5 axb5 11. d5 Na5 12. Nd4 b4 13. Nb1 Bb7 14. e4 Ba6 15. Re1 c5 16. dxc6 e5 17. Nc2 Nxc6 18. Nd2 Qb6 19. Bf1 d5 20. exd5 Nxd5 21. Nc4 Bxc4 22. Bxc4 Nc3 23. Bxc3 bxc3 24. Qf3 e4 25. Qxe4 Nd4 26. Nxd4 1/2-1/2